000 00351nam a2200133Ia 4500
005 20260328104307.0
008 260328s9999||||xx |||||||||||||| ||und||
100 _aRiddall, Rafael
245 0 _aFundamentos de IngenierĂ­a Estructural /
_cRafael Riddall
260 _bAlfaomega
300 _a566 p.
650 _aINGENIERA DE ESTRUCTURA
942 _cBK
999 _c10811
_d10811